| 000 | 00430nam a2200181Ia 4500 | ||
|---|---|---|---|
| 008 | 180207s9999 xx 000 0 und d | ||
| 020 | _a9781407587035 | ||
| 050 | _bH847 2010 | ||
| 245 | _aHow do I move? : | ||
| 245 | _bdiscover animal actions / | ||
| 260 | _aUK : | ||
| 260 | _bParragon press, | ||
| 260 | _c2010 | ||
| 300 | _aunpaged : | ||
| 300 | _bcolor illustrations ; | ||
| 300 | _c13cm. | ||
| 440 | _aGo Diedo go! | ||
| 999 |
_c355847 _d355847 |
||